00421nam a2200133Ia 450000500170000000800410001702000150005808200130007310000170008624500570010326000560016030000130021650000580022920250606014426.0240331s9999 xx 000 0 und d a955652195X bPIYa305 aPiyaratne, A 0aWathukaraya, kamkaruwa saha wenaswana jeevana ratawa aMullariyawabWijayasooriya Karantha gendraiyac2005 a192 p ., aA book on Plantation. Labour and changing life style